Zwycięzcy konkursów PŚ w skokach - Statystyki

Ogólne statystyki
  • Ten quiz został rozwiązany 131 razy
  • Średni wynik to 46 z 165
Statystyki odpowiedzi
liczba zwycięstw kraj Odpowiedź % Poprawnych
39 Polska Adam Małysz
99%
39 Polska Kamil Stoch
99%
36 Finlandia Janne Ahonen
93%
21 Austria Stefan Kraft
89%
5 Polska Dawid Kubacki
88%
46 Finlandia Matti Nykanen
86%
2 Polska Piotr Żyła
84%
53 Austria Gregor Schlierenzauer
82%
23 Słowenia Peter Prevc
81%
23 Szwajcaria Simon Ammann
80%
28 Niemcy Martin Schmitt
78%
17 Japonia Noriaki Kasai
75%
22 Niemcy Severin Freund
75%
5 Słowenia Domen Prevc
73%
16 Japonia Ryoyu Kobayashi
73%
7 Niemcy Karl Geiger
71%
6 Czechy Jakub Janda
70%
23 Austria Thomas Morgenstern
69%
6 Norwegia Halvor Egner Granerud
65%
2 Polska Maciej Kot
65%
5 Czechy Roman Koudelka
64%
18 Niemcy Sven Hannawald
64%
1 Polska Jan Ziobro
63%
1 Polska Krzysztof Biegun
63%
7 Norwegia Daniel-Andre Tande
61%
15 Słowenia Primoz Peterka
61%
3 Niemcy Markus Eisenbichler
60%
3 Polska Piotr Fijas
58%
15 Japonia Kazuyoshi Funaki
57%
20 Austria Andreas Goldberger
56%
12 Austria Andreas Kofler
56%
3 Niemcy Andreas Wellinger
56%
3 Norwegia Johann Andre Forfang
55%
1 Japonia Junshiro Kobayashi
55%
7 Norwegia Anders Bardal
53%
3 Norwegia Robert Johansson
53%
4 Japonia Daiki Ito
49%
16 Finlandia Matti Hautamaki
47%
1 Słowenia Anze Lanisek
46%
4 Austria Wolfgang Loitzl
46%
7 Słowenia Robert Kranjec
45%
1 Polska Stanisław Bobak
44%
2 Austria Thomas Diethart
43%
10 Norwegia Anders Jacobsen
41%
25 Austria Andreas Felder
40%
3 Norwegia Marius Lindvik
40%
1 Rosja Jewgienij Klimow
38%
5 Austria Michael Haybock
38%
5 Japonia Takanobu Okabe
38%
18 Austria Andreas Widholzl
37%
2 Czechy Jan Matura
37%
6 Włochy Roberto Cecon
36%
8 Norwegia Bjorn Einar Romoren
35%
3 Finlandia Harri Olli
35%
5 Austria Martin Koch
35%
5 Szwajcaria Andreas Kuttel
34%
2 Słowenia Jernej Damjan
34%
1 Słowenia Anze Semenic
33%
9 Japonia Masahiko Harada
33%
13 Austria Armin Kogler
32%
2 Słowenia Jurij Tepes
32%
11 Norwegia Roar Ljokelsoy
32%
9 Finlandia Toni Nieminen
31%
1 Finlandia Ville Larinto
31%
8 Niemcy Richard Freitag
30%
8 Austria Hubert Neuper
29%
12 Niemcy Dieter Thoma
28%
5 Szwecja Jan Boklov
28%
3 Finlandia Janne Happonen
28%
9 Finlandia Ari-Pekka Nikkola
26%
8 Norwegia Espen Bredesen
25%
1 Norwegia Johan Remen Evensen
25%
8 Austria Martin Hollwarth
25%
1 Niemcy Stephan Leyhe
25%
2 Japonia Yukiya Sato
25%
2 Austria Stefan Horngacher
24%
33 Niemcy Jens Weisslog
23%
3 Norwegia Tom Hilde
23%
1 Finlandia Anssi Koivuranta
22%
13 Kanada Horst Bulau
22%
6 Norwegia Sigurd Pettersen
22%
4 Czechy Jaroslav Sakala
21%
1 Norwegia Kenneth Gangnes
21%
9 Słowenia Primoz Ulaga
21%
2 Finlandia Risto Jussilainen
21%
1 Japonia Hideharu Miyahira
20%
2 Niemcy Michael Uhrmann
20%
1 Słowenia Jaka Hvala
16%
1 Kanada Steve Collins
16%
1 Finlandia Tami Kiuru
16%
15 Austria Ernst Vettori
15%
2 Austria Heinz Kuttin
15%
4 Finlandia Jani Soininen
15%
1 Słowenia Peter Zonta
14%
2 Austria Toni Innauer
14%
1 Austria Florian Liegl
13%
1 Norwegia Lars Bystol
13%
1 Słowenia Rok Urbanc
13%
1 Finlandia Arttu Lappi
12%
10 Czechy Pavel Ploc
12%
1 Niemcy Stephan Hocke
12%
7 Norwegia Vegard Opaas
11%
1 Norwegia Andreas Stjernen
10%
1 Francja Nicolas Dessum
10%
2 Finlandia Ville Kantee
10%
2 Japonia Hiroya Saito
8%
9 Norwegia Roger Ruud
8%
4 Norwegia Anders Fannemell
7%
1 Japonia Fumihisa Yumoto
7%
3 Czechy Jiri Parma
7%
1 Austria Manfred Steiner
7%
1 Austria Christian Nagiller
6%
5 Finlandia Jari Puikkonen
6%
2 Austria Reinhard Schwarzenberger
6%
1 Norwegia Rolf Age Berg
6%
4 Szwajcaria Stefan Zund
6%
2 Japonia Akira Higashi
5%
1 Niemcy Christof Duffner
4%
1 Słowenia Franci Petek
4%
1 Niemcy Holger Freitag
4%
4 Czechy Frantisek Jez
3%
1 Finlandia Jouko Tormanen
3%
5 Finlandia Mika Laitinen
3%
1 USA Mike Holland
3%
4 Norwegia Per Bergerud
3%
2 Austria Alois Lipburger
2%
1 Norwegia Dag Holmen Jensen
2%
1 Szwajcaria Hansjorg Sumi
2%
1 Austria Hans Millonig
2%
1 Austria Hans Wallner
2%
1 Japonia Hirokazu Yagi
2%
1 Norwegia Hroar Stjernen
2%
1 Włochy Ivan Lunardi
2%
1 Niemcy Jochen Danneberg
2%
1 Norwegia Johan Saetre
2%
1 USA John Broman
2%
1 Finlandia Kimmo Savolainen
2%
2 Niemcy Klaus Ostwald
2%
1 Niemcy Manfred Deckert
2%
1 Niemcy Martin Weber
2%
4 Japonia Masahiro Akimoto
2%
6 Norwegia Ole Bremseth
2%
1 Norwegia Tom Christiansen
2%
1 Japonia Akira Sato
1%
1 Niemcy Andreas Bauer
1%
2 Niemcy Andre Kiesewetter
1%
2 Norwegia Erik Johnsen
1%
2 Austria Franz Neulandtner
1%
1 Niemcy Gerd Siegmund
1%
1 USA Jeff Hastings
1%
1 Norwegia Jon Inge Kjorum
1%
2 Norwegia Kristian Brenden
1%
1 Słowacja Martin Svagerko
1%
1 Szwecja Mikael Martinsson
1%
4 Norwegia Ole Gunnar Fidjestol
1%
2 Finlandia Pekka Suorsa
1%
1 Niemcy Ralf Gebstedt
1%
2 Finlandia Risto Laakkonen
1%
1 Szwecja Staffan Tallberg
1%
1 Norwegia Steinar Braten
1%
1 Finlandia Tuomo Ylipulli
1%
2 Niemcy Ulf Findeisen
1%
1 Czechy Vladimír Podzimek
1%
1 Austria Werner Haim
1%
6 Austria Werner Rathmayr
1%
Nie znaleziono quizów pasujących do podanych kryteriów
Rozkład punktacji
Procent ludzi z każdym wynikiem
Percentyl według liczby udzielonych odpowiedzi
Twoja historia wyników
Nie rozwiązałeś tego quizu